Introducción a los métodos cualitativos de investigación /
Gardado en:
| Autor Principal: | |
|---|---|
| Outros autores: | |
| Formato: | Texto |
| Publicado: |
Madrid:
Paidós
|
| Materias: | |
| Etiquetas: |
Engadir etiqueta
Sen Etiquetas, Sexa o primeiro en etiquetar este rexistro!
|
MARC
| LEADER | 00000 a a2200000 04500 | ||
|---|---|---|---|
| 001 | 18564 | ||
| 003 | |||
| 040 | |||
| 090 | |a 143600 | ||
| 100 | |a Taylor, Steve J | ||
| 245 | |a Introducción a los métodos cualitativos de investigación / |c Steve J Taylor | ||
| 260 | |a Madrid: |b Paidós | ||
| 300 | |a 229 p | ||
| 300 | |b fonodiscos | ||
| 650 | |a INVESTIGACION SOCIAL | ||
| 650 | |a INVESTIGACION | ||
| 650 | |a METODOS DE INVESTIGACION | ||
| 650 | |a METODOLOGIA | ||
| 650 | |a OBSERVACION | ||
| 700 | |a Bogdan, Robert J | ||
| 999 | |c 10338 |d 10338 | ||
